000 00818nam a2200241 i 4500
001 73429
003 ES-MaACL
005 20230906171815.0
007 t|
008 041011s2004 sp ||||1| spa d
020 _a84-7522-870-4
080 _a821.134.2 Gil de Biedma, Jaime 1.07
100 1 _aEgea, Juan F.
_946705
245 1 3 _aLa poesía del nosotros
_b: Jaime Gil de Biedma y la secuencia lírica moderna /
_cJuan F. Egea.
260 _aMadrid :
_bVisor Libros,
_c[2004]
300 _a162 p. ;
_c22 cm.
490 1 _aBiblioteca filológica hispana ;
_v70
504 _aBibliografía: p. [151]-162.
600 1 4 _aGil de Biedma, Jaime-
_xCrítica e interpretación.
_956790
830 0 _aBiblioteca filológica hispana ;
_v70
_9179654
852 _aES-MaACL
_jL-28210
_bR.134095
999 _c73429
_d73429